Tanska-visa - Statistics

Yleistilastot
  • Tätä visaa on pelattu 779 kertaa
  • Keskiarvotulos 13 / 24
Vastaustilastot
Vihje Vastaus % Oikein
Pääkaupunki Kööpenhamina
100%
Tunnettu muovilelujen valmistaja Lego
93%
Valuutta Kruunu
91%
Naapurimaa Saksa
91%
Tanskan lisäksi Tanskan kuningaskunnan muodostavat autonomiset alueet Grönlanti
82%
Meret, joiden rannalla Tanska sijaitsee (lukuun ottamatta autonomisia alueita) Itämeri
79%
Tunnettu patsas pääkaupungissa Pieni merenneito
79%
Tanska tanskaksi Danmark
76%
Meret, joiden rannalla Tanska sijaitsee (lukuun ottamatta autonomisia alueita) Pohjanmeri
68%
Tanskan lisäksi Tanskan kuningaskunnan muodostavat autonomiset alueet Färsaaret
63%
Saduistaan tunnettu kirjailija Hans Christian Andersen
59%
Vuonna 1843 avattu huvipuisto Tivoli
50%
Toiseksi suurin kaupunki Aarhus
48%
Suurin niemimaa Jyllanti
47%
Suurin kaupunki yllä olevalla saarella Odense
40%
Yksi maailman suurimmista panimoalan konserneista Carlsberg
34%
Tanskan kuningas, joka järjesti Tukholman verilöylyn 1500-luvulla Kristian II
33%
Väkirikkain saari Sjælland
30%
"Autonominen" hippikaupunginosa pääkaupungissa Christiania
29%
Tanskaa 52 vuotta hallinnut kuningatar, joka luopui kruunustaan 2024 Margareeta II
29%
Toiseksi suurin saari Fyn
26%
Tanskalainen teologi, joka on vaikuttanut merkittävästi eksistentialismiin Søren Kierkegaard
13%
Tämänhetkinen pääministeri Mette Frederiksen
12%
Löytöretkeilijä, joka tutki etenkin Siperian rannikoita ja Alaskan saaristoja Vitus Bering
12%
Ehtoja vastaavia visoja ei löytynyt
Tulosjakauma
Jokaisen tuloksen saaneiden osuus
Persentiili vastausten määrän mukaan
Tuloshistoriasi
Et ole pelannut tätä visaa